Poverty, by America /
Guardat en:
| Autor principal: | |
|---|---|
| Format: | Llibre |
| Idioma: | anglès |
| Publicat: |
Nueva York, EUA :
Crown,
2023, c2023
|
| Matèries: | |
| Accés en línia: | Ver documento en línea |
| Etiquetes: |
Sense etiquetes, Sigues el primer a etiquetar aquest registre!
|
MARC
| LEADER | 00000nam^a2200000^a^4500 | ||
|---|---|---|---|
| 001 | 000597195 | ||
| 005 | 20251023000000.0 | ||
| 009 | 20260310133121.19 | ||
| 020 | |a 9780593239926 | ||
| 037 | |a Acervo ITESO - Biblioteca | ||
| 041 | |a ING | ||
| 082 | |a 362. 580973 |b DES | ||
| 100 | |a Desmond, Matthew |e (autor) | ||
| 245 | 1 | 0 | |a Poverty, by America / |c M. Desmond. |
| 264 | 4 | |a Nueva York, EUA : |b Crown, |c 2023, c2023 | |
| 264 | 2 | |a Birmingham, EUA : |b EBSCOhost [distribución], |c 2025 | |
| 300 | |a 1 libro electrónico en línea (1 v. sin paginación) | ||
| 300 | |a 1 recurso en línea | ||
| 336 | |a datos para computadora |b cod |2 rdacontenido | ||
| 337 | |a computadora |b c |2 rdamedio | ||
| 338 | |a recurso en línea |b cr |2 rdasoporte | ||
| 506 | 1 | |a 1 licencia | |
| 521 | |a 2025 BO Doctorado en Estudios Científico-Sociales | ||
| 649 | |a XX | ||
| 650 | |a Clase Baja - |z EUA - |x Condiciones Políticas | ||
| 650 | |a Clase Baja - |z EUA - |x Condiciones Económicas | ||
| 650 | |a Sueldos y Salarios - |z EUA | ||
| 650 | |a Pobreza - |z EUA - |x Prevención y Atención | ||
| 650 | |a Pobreza - |z EUA - |x Tema Principal | ||
| 650 | |a Problemas Sociales - |z EUA | ||
| 650 | |a Igualdad y Desigualdad - |z EUA | ||
| 650 | |a Sociología Política | ||
| 650 | |a Política Económica - |z EUA | ||
| 650 | |a Política - |z EUA | ||
| 856 | 4 | 0 | |u https://ezproxy.iteso.mx/login?url=https://search.ebscohost.com/login.aspx?direct=true&scope=site&db=nlebk&db=nlabk&AN=3315188 |y Ver documento en línea |
| 910 | |a Fondo General | ||
| 920 | |a Electrónicos - Libros en Línea | ||
| 930 | |a Plataforma Digital | ||
| 905 | |a 205 | ||
| 901 | |a 597195-1 |b IT2 |c EBO |i C |u 20250521 | ||
| 902 | |a https://opac.biblio.iteso.mx/vufind/Record/000597195 | ||